Normas de origen y facilitación del comercio en América Latina /
Đã lưu trong:
| Tác giả chính: | |
|---|---|
| Định dạng: | Texto |
| Những chủ đề: | |
| Các nhãn: |
Thêm thẻ
Không có thẻ, Là người đầu tiên thẻ bản ghi này!
|
MARC
| LEADER | 00000 a a2200000 04500 | ||
|---|---|---|---|
| 001 | 3574 | ||
| 003 | |||
| 040 | |||
| 100 | |a Izam, Miguel | ||
| 245 | |a Normas de origen y facilitación del comercio en América Latina / |c Miguel Izam | ||
| 500 | |a Resumen en español páginas 371 y en inglés páginas 466 | ||
| 650 | |a COMERCIO INTERNACIONAL | ||
| 650 | |a NORMAS | ||
| 650 | |a ACUERDOS INTERNACIONALES | ||
| 773 | |g volumen 54, número 5; páginas 444-455 | ||
| 999 | |c 26834 |d 26834 | ||
